Central India-Jhansi,Calpee & Gwalior 1857 Select Documents/ (Record no. 191015)

MARC details
000 -LEADER
fixed length control field 00571nam a22001817a 4500
005 - DATE AND TIME OF LATEST TRANSACTION
control field 20220817123042.0
010 ## - LCCN (DPL NO)
LC control number ENG-134439
020 ## - INTERNATIONAL STANDARD BOOK NUMBER
International Standard Book Number 9788183690065
Terms of availability 700.00
035 ## - SYSTEM CONTROL NUMBER
System control number EN-117971
037 ## - SOURCE OF ACQUISITION
Source of stock number/acquisition DBAD/PUB
082 ## - DEWEY DECIMAL CLASSIFICATION NUMBER
Classification number 954.2
100 ## - MAIN ENTRY--PERSONAL NAME
Personal name Pruthi,R.K.
245 ## - TITLE STATEMENT
Title Central India-Jhansi,Calpee & Gwalior 1857 Select Documents/
Statement of responsibility, etc by R.K.Pruthi
260 ## - PUBLICATION, DISTRIBUTION, ETC. (IMPRINT)
Name of publisher, distributor, etc Life Span Publishers & Distributors
Date of publication, distribution, etc 2019
Place of publication, distribution, etc New Delhi
270 ## - ADDRESS
Address 4782/23,Ansari Road,Daryaganj,
City New Delhi
Postal code 110002
300 ## - PHYSICAL DESCRIPTION
Extent v;307p.:
Dimensions 22cm(Hb)
942 ## - ADDED ENTRY ELEMENTS (KOHA)
Source of classification or shelving scheme Dewey Decimal Classification
Item type English Books
Classification part 954.2
Call number suffix PRU
Holdings
Withdrawn status Lost status Not for loan Collection code Home library Current library Date acquired Source of acquisition Cost, normal purchase price Full call number Barcode Copy number Cost, replacement price Koha item type
      Non-fiction Ashok Vihar Ashok Vihar 17/08/2022 DBAD/PUB 700.00 954.2 PRU EN-117971 1 700.00 English Books

© Delhi Public Library
Hit Counter
free hit counter